1521 revisited : (Record no. 53828)
[ view plain ]
| 000 -LEADER | |
|---|---|
| fixed length control field | 01605nam a22002297a 4500 |
| 005 - DATE AND TIME OF LATEST TRANSACTION | |
| control field | 20250613112518.0 |
| 008 - FIXED-LENGTH DATA ELEMENTS--GENERAL INFORMATION | |
| fixed length control field | 250523b |||||||| |||| 00| 0 eng d |
| 020 ## - INTERNATIONAL STANDARD BOOK NUMBER | |
| International Standard Book Number | 9789715383691 |
| 040 ## - CATALOGING SOURCE | |
| Original cataloging agency | bsop |
| 245 ## - TITLE STATEMENT | |
| Title | 1521 revisited : |
| Remainder of title | the quincentennial commemorations in the Philippines |
| 246 ## - VARYING FORM OF TITLE | |
| Title proper/short title | Quincentennial commemorations in the Philippines |
| 264 ## - PRODUCTION, PUBLICATION, DISTRIBUTION, MANUFACTURE STATEMENTS | |
| Place of production, publication, distribution, manufacture | Ermita, Manila, Philippines : |
| Name of producer, publisher, distributor, manufacturer | <a href="National Historical Commission of the Philippines, ">National Historical Commission of the Philippines, </a> |
| Date of production, publication, distribution, manufacture | c2023. |
| 300 ## - PHYSICAL DESCRIPTION | |
| Extent | vii, 220 pages : |
| Other physical details | color illustrations ; |
| Dimensions | 21 cm. |
| 336 ## - CONTENT TYPE | |
| Content Type Term | text |
| 337 ## - MEDIA TYPE | |
| Media Type Term | unmediated |
| 338 ## - CARRIER TYPE | |
| Carrier Type Term | volume |
| 505 0# - FORMATTED CONTENTS NOTE | |
| Formatted contents note | Foreword--Message--Panel A: Visayan in the 16th Century--Chapter 1: On the Parity and the Act of Recognition between Magellan and Humabon in 1521--Chapter2: Hayahay: The Plunder and Breakdown of Bisayan Economy and Society at the Start of Spanish Colonization--Chapter 3: Liwan: The Colonial Curtailing of the Tattooing Practice of the Pintados in the Early Spanish Period--Panel B: Hispanic way of Life and Muslim Mindanao--Chapter 4: Examining the Foundations of a School Culture in Early Spanish Philippines, 1565-1768-- Chapter 5: Extant Architecture from the First 150 Years of the Dominicans in the Philippines (1587-ca. 1700)--Cahpter 6: Indigenous Landowners in the 17th Century Philippines--Chapter 7: Islamic Mission in the Philippines in the Early Modern Era--Contributors |
| 651 #0 - SUBJECT ADDED ENTRY--GEOGRAPHIC NAME | |
| Geographic name | Philippines |
| General subdivision | Civilization. |
| 651 #0 - SUBJECT ADDED ENTRY--GEOGRAPHIC NAME | |
| Geographic name | Philippines |
| General subdivision | Discovery and exploration |
| -- | Anniversaries, etc. |
| 710 2# - ADDED ENTRY--CORPORATE NAME | |
| Corporate name or jurisdiction name as entry element | National Historical Commission (Philippines), |
| Relator term | issuing body. |
| 942 ## - ADDED ENTRY ELEMENTS (KOHA) | |
| Source of classification or shelving scheme | Library of Congress Classification |
| Item type | Books |
| Withdrawn status | Lost status | Source of classification or shelving scheme | Damaged status | Not for loan | Home library | Current library | Shelving location | Date acquired | Serial Enumeration / chronology | Inventory number | Total Checkouts | Full call number | Barcode | Date last seen | Price effective from | Koha item type |
|---|---|---|---|---|---|---|---|---|---|---|---|---|---|---|---|---|
| Library of Congress Classification | BSOP Library | BSOP Library | Filipiniana | 06/02/2025 | III | 49440 | DS673.8 R32 2023 | 00061471 | 05/23/2025 | 05/23/2025 | Books |
